Построение и анализ сверхбольших семантических сетей; Перспективы развития фундаментальных наук; Т. 7 : IT-технологии и электроника
| Parent link: | Перспективы развития фундаментальных наук=Prospects of Fundamental Sciences Development: сборник научных трудов XIV Международной конференции студентов, аспирантов и молодых ученых, г. Томск, 25-28 апреля 2017 г./ Национальный исследовательский Томский политехнический университет (ТПУ) ; под ред. И. А. Курзиной, Г. А. Вороновой.— , 2017 Т. 7 : IT-технологии и электроника.— 2017.— [С. 69-71] |
|---|---|
| Egile nagusia: | |
| Beste egile batzuk: | , |
| Gaia: | Заглавие с экрана Within the framework of the work, an algorithm for constructing super-large semantic networks has been developed. It was tested using the Internet encyclopedia "Wikipedia" as an example. During the implementation, a parser for the syntax analysis of Wikipedia pages was developed. It finds the links between the articles. A graph based on list of articles and categories was formed. On the basis of the obtained graph analysis, algorithms for finding domains of high connectivity in a graph were proposed and tested. |
| Hizkuntza: | errusiera |
| Argitaratua: |
2017
|
| Gaiak: | |
| Sarrera elektronikoa: | http://earchive.tpu.ru/handle/11683/45331 |
| Formatua: | Baliabide elektronikoa Liburu kapitulua |
| KOHA link: | https://koha.lib.tpu.ru/cgi-bin/koha/opac-detail.pl?biblionumber=625683 |
MARC
| LEADER | 00000naa2a2200000 4500 | ||
|---|---|---|---|
| 001 | 625683 | ||
| 005 | 20231101133356.0 | ||
| 035 | |a (RuTPU)RU\TPU\conf\24943 | ||
| 035 | |a RU\TPU\conf\24942 | ||
| 090 | |a 625683 | ||
| 100 | |a 20171218d2017 k y0rusy50 ca | ||
| 101 | 0 | |a rus |d eng | |
| 102 | |a RU | ||
| 105 | |a y z 100zy | ||
| 135 | |a drcn ---uucaa | ||
| 181 | 0 | |a i | |
| 182 | 0 | |a b | |
| 200 | 1 | |a Построение и анализ сверхбольших семантических сетей |d Construction and analysis of super semantic networks |f Т. С. Лебедева, Е. Ю. Костюченко |g науч. рук. А. С. Розов | |
| 203 | |a Текст |c электронный | ||
| 230 | |a 1 компьютерный файл (pdf; 230 Kb) | ||
| 300 | |a Заглавие с экрана | ||
| 320 | |a [Библиогр.: с. 71 (6 назв.)] | ||
| 330 | |a Within the framework of the work, an algorithm for constructing super-large semantic networks has been developed. It was tested using the Internet encyclopedia "Wikipedia" as an example. During the implementation, a parser for the syntax analysis of Wikipedia pages was developed. It finds the links between the articles. A graph based on list of articles and categories was formed. On the basis of the obtained graph analysis, algorithms for finding domains of high connectivity in a graph were proposed and tested. | ||
| 461 | 1 | |0 (RuTPU)RU\TPU\conf\21388 |t Перспективы развития фундаментальных наук |l Prospects of Fundamental Sciences Development |o сборник научных трудов XIV Международной конференции студентов, аспирантов и молодых ученых, г. Томск, 25-28 апреля 2017 г. |o в 7 т. |f Национальный исследовательский Томский политехнический университет (ТПУ) ; под ред. И. А. Курзиной, Г. А. Вороновой |d 2017 | |
| 463 | 1 | |0 (RuTPU)RU\TPU\conf\21398 |t Т. 7 : IT-технологии и электроника |v [С. 69-71] |d 2017 | |
| 510 | 1 | |a Construction and analysis of super semantic networks |z eng | |
| 610 | 1 | |a электронные ресурсы | |
| 610 | 1 | |a семантические данные | |
| 610 | 1 | |a метаэвристические алгоритмы | |
| 610 | 1 | |a нейронные сети | |
| 610 | 1 | |a алгоритмы | |
| 700 | 1 | |a Лебедева |b Т. С. | |
| 701 | 1 | |a Костюченко |b Е. Ю. | |
| 702 | 1 | |a Розов |b А. С. |4 727 | |
| 801 | 2 | |a RU |b 63413507 |c 20171220 |g RCR | |
| 856 | 4 | |u http://earchive.tpu.ru/handle/11683/45331 | |
| 942 | |c BK | ||